000 00421nam a2200181Ia 4500
001 1944
005 20260306143806.0
008 260306t2016||||xx |||||||||||||| ||spa||
041 _aESP
082 _a158.3
_bM86
100 _aMorrison, James
_eAUT
245 0 _aLa entrevista psicológica
260 _c2016
300 _axiv, 313 páginas :
_c23 cm.
650 _aGEN
654 _aCPS
942 _cLIB
_dJUS
_fJUS
_2ddc
_n
999 _c1944
_d1944